000 00784nam a22002297a 4500
999 _c63890
_d63890
005 20240530110704.0
008 171225s2016 ua a g b 000 0dara d
017 _a2015/25563
_bمصر. دار الكتب
020 _a9789779105796
040 _aEG-CaGPL
_cEG-CaGPL
082 0 4 _221
_a813.01\
_bم ق
100 0 _aمحمود على
245 1 0 _aقصص نجيب محفوظ التى لم تنشر /
_cدراسة وتحقيق محمود على .
250 _aط.1
260 _aالقاهرة :
_bالهيئة المصرية العامة للكتاب ،
_c2016 .
300 _a356 ص. ؛
_c24 سم.
650 0 7 _2qrmak
_aالقصص العربية
651 _2qrmak
700 0 _aمحمد عنانى
942 _2ddc
_cBK